000 00531nam a22001931a 4500
001 6690
003 OSt
005 20260204212059.0
008 060627s1984||||ck ||||||b||||||||||spa||
020 _a8482764179
050 _a658.4 P681b
100 _aPeters, Thomas J.
245 _aEn busca de la excelencia: experiencias de las empresas en los Estados Unidos / Thomas J. Peters
264 _aColombia : Norma
300 _a340 p
650 _a1.Administración Gerencial
700 _aWaterman, Robert H.Ì
942 _2ddc
_cBK
999 _c6690
_d6690